[Event "FRA-ch U20 Girls"]
[Site "Troyes"]
[Date "2010.04.13"]
[Round "3"]
[White "Le Berre, Tennessee"]
[Black "Armas, Lara Maria"]
[Result "0-1"]
[WhiteElo "1799"]
[BlackElo "2008"]
[PlyCount "100"]
[EventDate "2010.04.11"]
[EventType "swiss"]
[EventRounds "9"]
[EventCountry "FRA"]
[SourceTitle "EXT 2012"]
[Source "ChessBase"]
[SourceDate "2011.11.24"]
[SourceVersion "1"]
[SourceVersionDate "2011.11.24"]
[SourceQuality "1"]

1. e4 d5 2. exd5 Qxd5 3. Nc3 Qd6 4. d4 Nf6 5. Nf3 a6 6. Bc4 Nc6 7. h3 e6 8. Be3 Be7 9. 0-0 0-0 10. Re1 b5 11. Bd3 Nb4 12. Ne4 Nxe4 13. Bxe4 Nd5 14. Qd2 Rb8 15. Bg5 Bb7 16. Bxe7 Qxe7 17. Ne5 Rfd8 18. Nd3 Nf6 19. Bxb7 Rxb7 20. Qf4 Qd6 21. Qf3 Qd5 22. Qxd5 Rxd5 23. c3 Nd7 24. a4 g6 25. axb5 axb5 26. Nb4 Rd6 27. Ra8+ Kg7 28. f4 c5 29. Nc2 cxd4 30. Nxd4 b4 31. Kf2 bxc3 32. bxc3 Nb6 33. Ra2 Nd5 34. c4 Nxf4 35. Rd2 Rdd7 36. Ke3 Nh5 37. c5 Rdc7 38. Rc1 Nf6 39. Kf4 Kf8 40. Ke5 Ke7 41. Rdc2 Nd7+ 42. Ke4 f5+ 43. Kd3 Rb4 44. Nf3 Rb3+ 45. Kd4 Rb4+ 46. Kc3 Re4 47. Kd3 Ne5+ 48. Kd2 Nxf3+ 49. gxf3 Rh4 50. Rh1 Kd7 0-1

[Event "FRA-ch U20 Girls"]
[Site "Troyes"]
[Date "2010.04.11"]
[Round "1"]
[White "Le Berre, Tennessee"]
[Black "Bartolo, Alexia"]
[Result "0-1"]
[WhiteElo "1799"]
[BlackElo "1553"]
[PlyCount "73"]
[EventDate "2010.04.11"]
[EventType "swiss"]
[EventRounds "9"]
[EventCountry "FRA"]
[SourceTitle "EXT 2012"]
[Source "ChessBase"]
[SourceDate "2011.11.24"]
[SourceVersion "1"]
[SourceVersionDate "2011.11.24"]
[SourceQuality "1"]

1. e4 e5 2. d4 exd4 3. Nf3 Bc5 4. Nxd4 Qf6 5. Be3 Nc6 6. c3 a6 7. Be2 Nge7 8. 0-0 0-0 9. Nc2 Qe5 10. Bxc5 Qxc5 11. Nd2 Rd8 12. Nf3 d5 13. exd5 Rxd5 14. Qc1 Bg4 15. Ne3 Bxf3 16. Bxf3 Rd6 17. Qc2 b5 18. Rad1 Rad8 19. Be4 g6 20. Qe2 Kg7 21. Bc2 Qe5 22. Qf3 Rd2 23. Bb3 f5 24. Rfe1 Qc5 25. Rxd2 Rxd2 26. Re2 Ne5 27. Rxd2 Nxf3+ 28. gxf3 Kf6 29. Rd4 a5 30. a4 b4 31. Rc4 Qb6 32. Kg2 bxc3 33. Rxc3 c6 34. Kg1 Qb7 35. Kg2 Nd5 36. Bxd5 cxd5 37. Rc5 0-1

[Event "FRA-ch U20"]
[Site "Aix les Bains"]
[Date "2009.04.26"]
[Round "9"]
[White "Le Berre, Tennessee"]
[Black "Poignot, Quentin"]
[Result "0-1"]
[WhiteElo "1834"]
[BlackElo "2148"]
[PlyCount "83"]
[EventDate "2009.04.19"]
[EventType "swiss"]
[EventRounds "9"]
[EventCountry "FRA"]
[SourceTitle "CBM 130 Extra"]
[Source "ChessBase"]
[SourceDate "2009.07.02"]
[SourceVersion "2"]
[SourceVersionDate "2009.07.15"]
[SourceQuality "1"]

1. e4 c5 2. Nf3 d6 3. d4 cxd4 4. Nxd4 Nf6 5. Nc3 g6 6. Be3 Bg7 7. f3 0-0 8. Qd2 Nc6 9. 0-0-0 Nxd4 10. Bxd4 Be6 11. Kb1 Qc7 12. g4 Rfc8 13. h4 Qa5 14. Nd5 Qxd2 15. Nxf6+ Bxf6 16. Rxd2 Bxd4 17. Rxd4 Kg7 18. Bb5 Kf6 19. Ba4 Ke5 20. Rd3 Kf4 21. Bb3 Rc5 22. Bxe6 fxe6 23. c3 Rf8 24. b4 Rc4 25. Rg1 Rfc8 26. Kb2 a5 27. a3 axb4 28. cxb4 Ra8 29. Kb3 b5 30. h5 g5 31. Kb2 Rc7 32. Rc1 Rxc1 33. Kxc1 Kg3 34. Kb2 Kf2 35. Kc2 Ke2 36. h6 Ra7 37. f4 gxf4 38. g5 f3 39. g6 hxg6 40. h7 Ra8 41. Rd2+ Ke3 42. Rh2 0-1

[Event "FRA-chT2 North 0809"]
[Site "France"]
[Date "2009.04.05"]
[Round "11.8"]
[White "Le Berre, Tennessee"]
[Black "Andrieux, Louise"]
[Result "1-0"]
[WhiteElo "1834"]
[BlackElo "1099"]
[PlyCount "45"]
[EventDate "2008.10.19"]
[EventType "team-tourn"]
[EventRounds "11"]
[EventCountry "FRA"]
[SourceTitle "EXT 2010"]
[Source "ChessBase"]
[SourceDate "2010.11.25"]
[SourceVersion "1"]
[SourceVersionDate "2010.11.25"]
[SourceQuality "1"]
[WhiteTeam "Gonfreville II"]
[BlackTeam "Arras"]
[WhiteTeamCountry "FRA"]
[BlackTeamCountry "FRA"]

1. e4 e5 2. Nf3 d6 3. d4 Nf6 4. Nc3 Be7 5. dxe5 dxe5 6. Qxd8+ Bxd8 7. Nxe5 Ng8 8. Bc4 Nc6 9. Nxf7 Be7 10. Nxh8 Na5 11. Bxg8 Bf6 12. 0-0 Bd7 13. Bf7+ Kd8 14. Rd1 Nc6 15. Be6 g6 16. Rxd7+ Ke8 17. Nd5 Bg5 18. Rxc7 Kf8 19. Rf7+ Kg8 20. Bxg5 Ne5 21. Rf4+ Kg7 22. Bf6+ Kh6 23. Rh4# 1-0

[Event "FRA-ch U16 Girls"]
[Site "Aix les Bains"]
[Date "2006.04.22"]
[Round "8"]
[White "Armas, Lara Maria"]
[Black "Le Berre, Tennessee"]
[Result "1/2-1/2"]
[WhiteElo "1851"]
[BlackElo "1600"]
[PlyCount "39"]
[EventDate "2006.04.16"]
[EventType "swiss"]
[EventRounds "9"]
[EventCountry "FRA"]
[SourceTitle "EXT 2007"]
[Source "ChessBase"]
[SourceDate "2006.11.23"]
[SourceVersion "1"]
[SourceVersionDate "2006.11.23"]
[SourceQuality "1"]

1. d4 g6 2. c4 Bg7 3. Nc3 c5 4. dxc5 Na6 5. Qc2 Nxc5 6. b4 Na6 7. a3 d6 8. Bb2 Nf6 9. e3 0-0 10. Nf3 h6 11. Be2 Bd7 12. 0-0 Rc8 13. Qb3 Qb6 14. Nd5 Nxd5 15. Bxg7 Kxg7 16. cxd5 Bb5 17. Bxb5 Qxb5 18. Nd4 Qc4 19. Qb2 Kh7 20. e4 1/2-1/2

[Event "FRA-chT2 0405"]
[Site "France"]
[Date "2004.11.06"]
[Round "2.9"]
[White "Le Berre, Tennessee"]
[Black "Louchart, Armelle"]
[Result "1-0"]
[WhiteElo "1640"]
[BlackElo "1550"]
[PlyCount "57"]
[EventDate "2004.10.10"]
[EventType "team"]
[EventRounds "11"]
[EventCountry "FRA"]
[SourceTitle "EXT 2006"]
[Source "ChessBase"]
[SourceDate "2005.11.24"]
[SourceVersion "1"]
[SourceVersionDate "2005.11.24"]
[SourceQuality "1"]
[WhiteTeam "Gonfreville II"]
[BlackTeam "Checy"]
[WhiteTeamCountry "FRA"]
[BlackTeamCountry "FRA"]

1. e4 d5 2. exd5 Qxd5 3. Nc3 Qa5 4. d4 Nf6 5. Nf3 Bg4 6. Be2 e6 7. Bd2 c6 8. Ne5 Bxe2 9. Nxe2 Qc7 10. 0-0 Bd6 11. Nf3 0-0 12. Ng3 Nbd7 13. Re1 Rfd8 14. Qe2 h6 15. Rad1 Nd5 16. Ne5 Nxe5 17. dxe5 Be7 18. Qg4 Bg5 19. Bxg5 hxg5 20. Qxg5 Ne7 21. h4 Rxd1 22. Rxd1 Rd8 23. Re1 Kf8 24. h5 Rd5 25. h6 gxh6 26. Qxh6+ Ke8 27. Qh8+ Kd7 28. Nh5 Ng6 29. Nf6+ 1-0

[Event "France-ch U14 Girls"]
[Site "Reims"]
[Date "2004.04.24"]
[Round "8"]
[White "Le Berre, Tennessee"]
[Black "Armas, Lara Maria"]
[Result "0-1"]
[WhiteElo "1580"]
[BlackElo "1750"]
[PlyCount "92"]
[EventDate "2004.04.??"]
[EventType "swiss"]
[EventRounds "9"]
[EventCountry "FRA"]
[SourceTitle "EXT 2005"]
[Source "ChessBase"]
[SourceDate "2004.11.15"]
[SourceVersion "1"]
[SourceVersionDate "2004.11.15"]
[SourceQuality "1"]

1. e4 d6 2. d4 g6 3. Nc3 Bg7 4. Be3 Nf6 5. f3 0-0 6. Qd2 Re8 7. 0-0-0 Nbd7 8. g4 Nf8 9. Nge2 c6 10. Ng3 Kh8 11. h4 b5 12. h5 Kg8 13. Bh6 a5 14. hxg6 fxg6 15. Bxg7 Kxg7 16. Qh6+ Kg8 17. g5 N6d7 18. f4 e6 19. f5 Re7 20. f6 Rf7 21. d5 b4 22. Nce2 cxd5 23. exd5 e5 24. Bh3 Nb6 25. Bxc8 Rxc8 26. Kb1 Qc7 27. Rc1 Nxd5 28. Qh3 a4 29. Ne4 Nb6 30. Qd3 d5 31. Nd2 Ne6 32. Qb5 Qc5 33. Qxc5 Rxc5 34. Nf3 Nd7 35. Rhg1 e4 36. Nfd4 Nxd4 37. Nxd4 Rc8 38. Rcd1 Nb6 39. Nb5 Rd7 40. Rgf1 Kf7 41. Rd4 Rc4 42. Rd2 e3 43. Re2 Re4 44. Rf3 d4 45. Kc1 Rg4 46. c3 Rg1+ 0-1

[Event "France-ch U14 Girls"]
[Site "Reims"]
[Date "2004.04.20"]
[Round "4"]
[White "Brih, Touatia"]
[Black "Le Berre, Tennessee"]
[Result "1-0"]
[WhiteElo "1968"]
[BlackElo "1580"]
[PlyCount "85"]
[EventDate "2004.04.??"]
[EventType "swiss"]
[EventRounds "9"]
[EventCountry "FRA"]
[SourceTitle "EXT 2005"]
[Source "ChessBase"]
[SourceDate "2004.11.15"]
[SourceVersion "1"]
[SourceVersionDate "2004.11.15"]
[SourceQuality "1"]

1. e4 c5 2. Nf3 d6 3. d4 cxd4 4. Nxd4 Nf6 5. Nc3 g6 6. Be3 Bg7 7. Bc4 0-0 8. f3 Nc6 9. Qd2 Bd7 10. 0-0-0 Qa5 11. Kb1 Rfc8 12. Bb3 Ne5 13. h4 Nc4 14. Bxc4 Rxc4 15. h5 Rxc3 16. Qxc3 Qxc3 17. bxc3 Rc8 18. hxg6 hxg6 19. Kb2 Be6 20. Nxe6 fxe6 21. Bxa7 Nd7 22. Bd4 Ne5 23. Kb1 Rc4 24. Rh3 b5 25. Rg3 Kf7 26. f4 Nd7 27. Bxg7 Kxg7 28. Rd4 Rc6 29. f5 Nf8 30. fxg6 Nxg6 31. e5 Kf7 32. exd6 exd6 33. Rf3+ Ke7 34. Rg4 Ne5 35. Rg7+ Ke8 36. Rh3 Kf8 37. Rb7 Kg8 38. Rxb5 Nc4 39. Rb7 Nd2+ 40. Kc1 Ne4 41. Rhh7 Nf6 42. Rhg7+ Kh8 43. Rgf7 1-0